000 00290nam a2200109Ia 4500
008 201216s9999 xx 000 0 und d
100 _aLaurie, Peter
245 0 _aDatabases : How To Manage Information On Your Micro
260 _aLondon
_bChapman & Hall Methuen
300 _a139
942 _cBK
999 _c6777
_d6777